[Event "Lass Vårturneringar"]
[Site "Linköping"]
[Date "2014.05.29"]
[Round "1"]
[White "Persson, Börje"]
[Black "Olsson, Simon"]
[Result "0-1"]
[WhiteElo "1663"]
[BlackElo "2132"]
[PlyCount "86"]
[EventDate "2014.??.??"]
[SourceDate "2012.10.22"]
[WhiteClock "0:53:36"]
[BlackClock "0:55:32"]

1. e4 c5 2. Nf3 Nc6 3. d4 cxd4 4. Nxd4 Nf6 5. Nc3 e6 6. Ndb5 Bc5 7. Nd6+ Ke7 8.
Nxc8+ Rxc8 9. Bd3 Re8 10. O-O Kf8 11. Kh1 h6 12. f4 d5 13. e5 Nd7 14. Bd2 Nb4
15. Bb5 a6 16. Bxd7 Qxd7 17. Ne2 Qb5 18. Bxb4 Qxb4 19. Rb1 Ba7 20. c3 Qc4 21.
b3 Qe4 22. h3 Red8 23. Rf3 b5 24. Qd3 Rc7 25. Rd1 Qxd3 26. Rfxd3 Rdc8 27. Kh2
b4 28. cxb4 Rc2 29. R1d2 Bf2 30. a4 Rxd2 31. Rxd2 Be1 32. Rd1 Bxb4 33. Rc1 Rd8
34. Rd1 Ke7 35. Kg3 Rc8 36. Rc1 Rxc1 37. Nxc1 f6 38. exf6+ gxf6 39. Nd3 Bd6 40.
b4 e5 41. b5 axb5 42. axb5 e4 43. Nc1 d4 0-1

[Event "Lass Vårturneringar"]
[Site "Linköping"]
[Date "2014.05.29"]
[Round "1"]
[White "Sandgren, Per Olov"]
[Black "Ståhlberg, Adam"]
[Result "0-1"]
[WhiteElo "1655"]
[BlackElo "2022"]
[PlyCount "84"]
[EventDate "2014.??.??"]
[SourceDate "2012.10.22"]
[WhiteClock "0:30:54"]
[BlackClock "0:32:10"]

1. d4 Nf6 2. Bf4 e6 3. Nf3 b6 4. e3 Bb7 5. h3 Be7 6. Bd3 O-O 7. O-O d5 8. Nbd2
c5 9. c3 c4 10. Bc2 b5 11. Qb1 Nbd7 12. Re1 Nb6 13. e4 dxe4 14. Nxe4 Nxe4 15.
Bxe4 Bxe4 16. Qxe4 Nd5 17. Bh2 a5 18. a3 Rc8 19. Rac1 Qb6 20. Qe2 Qa6 21. Ra1
Bf6 22. Be5 Rfd8 23. g3 Be7 24. g4 Qb7 25. Qe4 Ra8 26. Nd2 Qd7 27. Bg3 Rac8 28.
f4 b4 29. Qc2 bxc3 30. bxc3 Bd6 31. Re4 Qc7 32. Re5 Bxe5 33. fxe5 Qc6 34. Ne4
Ne3 35. Qe2 Qxe4 36. Re1 Rb8 37. Qxe3 Qxe3+ 38. Rxe3 Rb3 39. Bh4 Rxd4 40. Be7
Rd2 41. Re1 Rxc3 42. Bc5 Rxh3 0-1

[Event "Lass Vårturneringar"]
[Site "Linköping"]
[Date "2014.05.29"]
[Round "1"]
[White "Lindström, Jan"]
[Black "Halvarsson, Peter"]
[Result "0-1"]
[WhiteElo "1611"]
[BlackElo "1990"]
[PlyCount "102"]
[EventDate "2014.??.??"]
[SourceDate "2012.10.22"]

1. e4 c5 2. Nc3 g6 3. d4 cxd4 4. Qxd4 Nf6 5. Bb5 Bg7 6. e5 Ng8 7. Nf3 Nc6 8.
Bxc6 bxc6 9. O-O d5 10. Na4 Nh6 11. Bxh6 Bxh6 12. e6 f6 13. Rfe1 O-O 14. Rad1
Qc7 15. g3 Bg7 16. b3 Rb8 17. Nc5 a5 18. Nd3 Qd6 19. Qe3 Qa3 20. Qd2 Rd8 21.
Nd4 Rb6 22. Qc3 Qd6 23. Qc5 Qxc5 24. Nxc5 f5 25. Na4 Bxd4 26. Rxd4 Rb4 27. Rd2
Re4 28. Rxe4 fxe4 29. c4 Bxe6 30. Nc5 Bc8 31. Nxe4 Kf7 32. f4 h6 33. Kf2 Ke6
34. Ke3 Kf5 35. h3 Ke6 36. g4 Kf7 37. Nc3 e6 38. cxd5 cxd5 39. Kd4 Rd6 40. Kc5
Ke7 41. Nb5 Ra6 42. a4 Bd7 43. Re2 Rc6+ 44. Kd4 Kf6 45. h4 h5 46. gxh5 gxh5 47.
Re5 Be8 48. Rg5 Bg6 49. Nc3 Bc2 50. Rxh5 Bxb3 51. Rg5 Rc4+ 0-1

[Event "Lass Vårturneringar"]
[Site "Linköping"]
[Date "2014.05.29"]
[Round "1"]
[White "Nilsson, Lars"]
[Black "Knutsson, Håkan"]
[Result "1/2-1/2"]
[WhiteElo "1480"]
[BlackElo "1947"]
[PlyCount "69"]
[EventDate "2014.??.??"]
[SourceDate "2012.10.22"]

1. d4 Nf6 2. c4 e6 3. Nc3 Bb4 4. Qc2 O-O 5. a3 Bxc3+ 6. Qxc3 d5 7. Nf3 Ne4 8.
Qc2 Nd7 9. e3 f5 10. Bd3 c6 11. O-O Qc7 12. b4 Kh8 13. Bb2 Ndf6 14. Ne5 Bd7 15.
Rac1 Rad8 16. f3 Nd6 17. c5 Nf7 18. Rce1 Be8 19. e4 dxe4 20. fxe4 fxe4 21. Bxe4
Ng5 22. Ng4 Ngxe4 23. Qxe4 Bg6 24. Qf4 Qc8 25. Nxf6 Rxf6 26. Qe3 Rxf1+ 27. Rxf1
Qd7 28. Qe5 Bd3 29. Rf3 Bc4 30. Rf2 Kg8 31. h3 Qe7 32. Qf4 h6 33. Qg3 Kh7 34.
Qf4 Kg8 35. Qg3 1/2-1/2

[Event "Lass Vårturneringar"]
[Site "Linköping"]
[Date "2014.05.29"]
[Round "1"]
[White "Nörager, Mattias"]
[Black "Garner, Mårten"]
[Result "0-1"]
[WhiteElo "1469"]
[BlackElo "1706"]
[PlyCount "98"]
[EventDate "2014.??.??"]
[SourceDate "2012.10.22"]

1. f4 d5 2. Nf3 Nf6 3. e3 g6 4. b3 Bg7 5. Bb2 O-O 6. Be2 c5 7. O-O Nc6 8. Ne5
Qc7 9. Bf3 e6 10. Nxc6 Qxc6 11. Qe1 Qb6 12. Nc3 Bd7 13. a4 d4 14. Ne4 Nd5 15.
Ba3 Rac8 16. a5 Qc7 17. Bxc5 Bb5 18. Bxf8 Rxf8 19. d3 Nxe3 20. Rf2 Rc8 21. Ra2
Qxf4 22. Ng3 Qc7 23. Nf1 Nf5 24. Re2 Ba6 25. Bg4 Nd6 26. Qg3 Qc5 27. Nd2 Rd8
28. Qe1 Nb5 29. Nb1 Rd5 30. Bf3 Rf5 31. Be4 Rh5 32. Bf3 Rf5 33. Qd2 Nc3 34. Rb2
Nxe2+ 35. Bxe2 Qxa5 36. Qxa5 Rxa5 37. Bf3 Bh6 38. b4 Re5 39. Na3 b5 40. Ra2 Bd2
41. Kf2 Be1+ 42. Kf1 Bxb4 43. Be2 Bb7 44. c4 dxc3 45. Nc2 a5 46. d4 Rf5+ 47.
Kg1 e5 48. Bxb5 exd4 49. Nxd4 Bc5 0-1

[Event "Lass Vårturneringar"]
[Site "Linköping"]
[Date "2014.05.29"]
[Round "1"]
[White "Orci, Istvan"]
[Black "Hägglund, Lars"]
[Result "0-1"]
[WhiteElo "1476"]
[BlackElo "1924"]
[PlyCount "54"]
[EventDate "2014.??.??"]
[SourceDate "2012.10.22"]

1. e4 c5 2. Nc3 g6 3. g3 Bg7 4. Bg2 Nc6 5. d3 d6 6. f4 Nf6 7. Nh3 Bg4 8. Qd2
Qb6 9. Nf2 Bd7 10. O-O h5 11. Ne2 h4 12. c3 hxg3 13. Nxg3 O-O-O 14. f5 gxf5 15.
exf5 Rdg8 16. Qe2 Ne5 17. Bf4 Bc6 18. Bxc6 Nxc6 19. Rab1 Nd5 20. Ng4 Nxf4 21.
Rxf4 Bxc3 22. b3 Ne5 23. Nxe5 Bxe5 24. Rf3 Rg4 25. Kg2 Rgh4 26. Rh1 Qc6 27. Kg1
Qd5 0-1

[Event "Lass Vårturneringar"]
[Site "Linköping"]
[Date "2014.05.29"]
[Round "2"]
[White "Sandgren, Per Olov"]
[Black "Orci, Istvan"]
[Result "1/2-1/2"]
[WhiteElo "1655"]
[BlackElo "1476"]
[PlyCount "65"]
[EventDate "2014.??.??"]
[SourceDate "2012.10.22"]

1. e4 c6 2. d4 d5 3. Nd2 dxe4 4. Nxe4 Nd7 5. Nf3 Ngf6 6. Ng3 e6 7. Bg5 Be7 8.
Bd3 Nd5 9. Bxe7 Qxe7 10. c3 O-O 11. O-O c5 12. Re1 N7f6 13. dxc5 Qxc5 14. Re5
Qc7 15. Rc1 b6 16. Bb1 Bb7 17. Qd4 Rad8 18. Qh4 Ne7 19. Ree1 Bxf3 20. gxf3 Rd2
21. Rc2 Rfd8 22. Ne4 Nxe4 23. fxe4 Ng6 24. Qg5 Qf4 25. Qxf4 Nxf4 26. Kf1 Rxc2
27. Bxc2 Rd2 28. Rd1 Rxd1+ 29. Bxd1 Nd3 30. b4 e5 31. Bb3 Kf8 32. a4 Ke7 33.
Bc2 1/2-1/2

[Event "Lass Vårturneringar"]
[Site "Linköping"]
[Date "2014.05.29"]
[Round "2"]
[White "Olsson, Simon"]
[Black "Hägglund, Lars"]
[Result "1-0"]
[WhiteElo "2132"]
[BlackElo "1924"]
[PlyCount "83"]
[EventDate "2014.??.??"]
[SourceDate "2012.10.22"]
[WhiteClock "0:32:02"]
[BlackClock "0:32:00"]

1. d4 Nf6 2. Bg5 e6 3. e4 h6 4. Bxf6 Qxf6 5. Nc3 Bb4 6. Qd3 b6 7. g3 Ba6 8. Qe3
Bxf1 9. Kxf1 a6 10. Nge2 O-O 11. Kg2 Nc6 12. Rhd1 Rfe8 13. a3 Bf8 14. f4 Qg6
15. Qf3 Red8 16. f5 exf5 17. exf5 Qh7 18. Rf1 Re8 19. Nd5 Bd6 20. Rf2 Kf8 21.
Raf1 Rac8 22. c3 Na5 23. Qd3 b5 24. a4 Rb8 25. axb5 axb5 26. Ne3 c6 27. b4 Nb7
28. Ng4 Rbd8 29. Ng1 h5 30. Ne3 Qh6 31. Nc2 Ra8 32. d5 Re5 33. dxc6 dxc6 34.
Nf3 Rd5 35. Ncd4 Ra3 36. Qe4 Be7 37. Re2 Rd7 38. Nxc6 Qf6 39. Nfe5 Rd6 40. Nxe7
Kxe7 41. Qxb7+ Kf8 42. Nd7+ 1-0

[Event "Lass Vårturneringar"]
[Site "Linköping"]
[Date "2014.05.29"]
[Round "2"]
[White "Ståhlberg, Adam"]
[Black "Garner, Mårten"]
[Result "1/2-1/2"]
[WhiteElo "2022"]
[BlackElo "1706"]
[PlyCount "207"]
[EventDate "2014.??.??"]
[SourceDate "2012.10.22"]
[WhiteClock "0:01:17"]
[BlackClock "0:12:51"]

1. d4 d5 2. c4 e6 3. Nf3 Nf6 4. Nc3 c6 5. cxd5 exd5 6. Bg5 Be7 7. Qc2 Nbd7 8.
e3 O-O 9. Bd3 Re8 10. O-O Nf8 11. Rab1 g6 12. Rfc1 Ne6 13. Bh4 Ng7 14. b4 a6
15. a4 Bf5 16. Bxf5 Nxf5 17. Bxf6 Bxf6 18. b5 axb5 19. axb5 Qd7 20. Na4 Qc7 21.
bxc6 bxc6 22. Nb6 Ra5 23. Qd2 Qa7 24. Nd7 Bg7 25. Nde5 Bxe5 26. Nxe5 Ne7 27.
Nxc6 Nxc6 28. Rxc6 Re6 29. Rxe6 fxe6 30. h3 Kf7 31. Qd1 Qc7 32. Rc1 Qd6 33. g3
Ra7 34. Qc2 Kf6 35. Qc8 Rd7 36. Rc6 Rd8 37. Qa6 Qe7 38. h4 Rd7 39. Qc8 Qd8 40.
Qa6 Qe7 41. Kg2 h5 42. Qe2 Kf7 43. Rc8 Rd8 44. Qf3+ Kg7 45. Rxd8 Qxd8 46. Qf4
Qc8 47. g4 hxg4 48. Qxg4 Kf7 49. h5 gxh5 50. Qxh5+ Ke7 51. Qg5+ Kd7 52. Qg7+
Kd6 53. Qe5+ Kd7 54. Qf4 Qc2 55. Qg4 Qb1 56. Qf4 Qg6+ 57. Kf3 Qh5+ 58. Qg4 Qh1+
59. Kf4 Qh2+ 60. Qg3 Qh6+ 61. Kf3 Qh7 62. Qf4 Qg6 63. Qg4 Qh7 64. Kg3 Qh1 65.
Qh4 Qg1+ 66. Kf4 Qg7 67. f3 Qf7+ 68. Kg3 Qg6+ 69. Qg4 Qd3 70. Qg5 Qf1 71. Kf4
Qh3 72. Qg7+ Kd6 73. Qf8+ Kd7 74. Qg7+ Kd6 75. e4 dxe4 76. Qe5+ Kd7 77. Kxe4
Qh7+ 78. Ke3 Qb1 79. Qg7+ Kd6 80. Qf8+ Kd7 81. Qc5 Qg1+ 82. Kf4 Qh2+ 83. Ke4
Qh7+ 84. Ke3 Qh6+ 85. Kd3 Qg6+ 86. Kc3 Qf6 87. Qa7+ Kd6 88. Qb6+ Kd7 89. Qb7+
Kd6 90. Qe4 Qh8 91. Qf4+ Kd7 92. Kd3 Qh1 93. Qf7+ Kd6 94. Qf4+ Kd7 95. Qg4 Qd1+
96. Ke4 Qe2+ 97. Kf4 Qd2+ 98. Ke5 Qa5+ 99. Kf6 Qd8+ 100. Ke5 Qa5+ 101. Kf4 Qd2+
102. Kg3 Qe1+ 103. Kf4 Qd2+ 104. Ke5 1/2-1/2

[Event "Lass Vårturneringar"]
[Site "Linköping"]
[Date "2014.05.29"]
[Round "2"]
[White "Halvarsson, Peter"]
[Black "Knutsson, Håkan"]
[Result "1-0"]
[WhiteElo "1990"]
[BlackElo "1947"]
[PlyCount "143"]
[EventDate "2014.??.??"]
[SourceDate "2012.10.22"]

1. e4 c5 2. a3 e6 3. b4 cxb4 4. axb4 Bxb4 5. c3 Bf8 6. d4 g6 7. f4 Bg7 8. Nf3
Ne7 9. Bd3 d5 10. e5 O-O 11. O-O Nbc6 12. Na3 Bd7 13. Rb1 Na5 14. Qe1 Rc8 15.
Nc2 a6 16. Ba3 Re8 17. Bc5 Rxc5 18. dxc5 Qc7 19. Ne3 Qxc5 20. Kh1 f5 21. Nd4
Nec6 22. Ndc2 b5 23. Rf3 Nc4 24. Bxc4 dxc4 25. Rd1 Bc8 26. Rh3 Ne7 27. Rd6 h5
28. Nd4 Kf7 29. Nf3 Bh6 30. Rh4 Bb7 31. Rd7 Bc6 32. Rd6 Nc8 33. Rd4 Qa3 34. Rh3
Nb6 35. Nc2 Qc5 36. Nb4 Bxf3 37. Rxf3 a5 38. Nc2 Nd5 39. g3 Bf8 40. h3 Qc6 41.
Kh2 Nb4 42. cxb4 Qxf3 43. bxa5 Bc5 44. Rd7+ Re7 45. Nd4 Bxd4 46. Rxd4 c3 47. a6
Qc6 48. g4 c2 49. Qh4 Qh1+ 50. Kxh1 c1=Q+ 51. Kg2 Qb2+ 52. Qf2 Qxf2+ 53. Kxf2
Ra7 54. Rd6 Ke7 55. Rb6 Kd7 56. gxh5 gxh5 57. Kg3 b4 58. Kh4 b3 59. Rxb3 Rxa6
60. Kxh5 Ra1 61. Kg6 Rf1 62. Kg5 Ke7 63. Rb7+ Ke8 64. Rh7 Rf2 65. Kf6 Rxf4 66.
Kxe6 Kf8 67. Kf6 Kg8 68. Rg7+ Kh8 69. Rg3 Rf1 70. e6 f4 71. Rg4 f3 72. Kf7 1-0

[Event "Lass Vårturneringar"]
[Site "Linköping"]
[Date "2014.05.29"]
[Round "2"]
[White "Nilsson, Lars"]
[Black "Persson, Börje"]
[Result "0-1"]
[WhiteElo "1480"]
[BlackElo "1663"]
[PlyCount "56"]
[EventDate "2014.??.??"]
[SourceDate "2012.10.22"]

1. d4 Nf6 2. c4 e6 3. Nc3 d5 4. Nf3 c5 5. cxd5 exd5 6. h3 Nc6 7. e3 cxd4 8.
Nxd4 Be7 9. Be2 O-O 10. O-O h6 11. b3 Re8 12. Bb2 Bf8 13. Rc1 Bd7 14. Nxc6 bxc6
15. Na4 Ne4 16. Qd4 Qg5 17. Kh1 Qg6 18. Bd3 Qg5 19. Bxe4 Rxe4 20. Qd2 Rh4 21.
f4 Qg3 22. Rf3 Rxh3+ 23. gxh3 Qxf3+ 24. Kg1 Qg3+ 25. Kh1 Qxh3+ 26. Kg1 Re8 27.
Bd4 Re6 28. Kf2 Rg6 0-1

[Event "Lass Vårturneringar"]
[Site "Linköping"]
[Date "2014.05.29"]
[Round "2"]
[White "Lindström, Jan"]
[Black "Nörager, Mattias"]
[Result "0-1"]
[WhiteElo "1611"]
[BlackElo "1469"]
[PlyCount "124"]
[EventDate "2014.??.??"]
[SourceDate "2012.10.22"]

1. e4 e5 2. Nf3 Nc6 3. Bb5 Nd4 4. Nxd4 exd4 5. Qf3 Qf6 6. d3 Qxf3 7. gxf3 a6 8.
Ba4 b5 9. Bb3 Bb7 10. Bf4 c6 11. c3 dxc3 12. Nxc3 Nf6 13. Rg1 Nh5 14. Be3 Bd6
15. d4 Bf4 16. Kd2 Bxe3+ 17. Kxe3 a5 18. a3 a4 19. Bc2 O-O-O 20. Bd3 Rde8 21.
Rac1 Kb8 22. Rg5 g6 23. Rgg1 Ng7 24. Kd2 Ne6 25. Ne2 Ka7 26. Rc3 h6 27. b3 axb3
28. Rxb3 Ng5 29. Rg3 Ne6 30. a4 bxa4 31. Ra3 Ra8 32. Rxa4+ Kb6 33. Rb4+ Kc7 34.
Rb2 Ba6 35. f4 Bxd3 36. Rxd3 Rhb8 37. Rc2 Ra5 38. Rdc3 Kd6 39. Rh3 Rb4 40. Rd3
Rh5 41. h3 Rh4 42. Kc3 Rb5 43. e5+ Ke7 44. Rf3 Rd5 45. Kc4 g5 46. Rd2 gxf4 47.
Rb2 Ra5 48. Rd2 Ra4+ 49. Kb3 Ng5 50. Rxf4 Rxf4 51. Nxf4 Ra1 52. h4 Nf3 53. Rd3
Nxh4 54. Rh3 Nf5 55. Rd3 Rb1+ 56. Kc3 Rc1+ 57. Kd2 Rc4 58. Ne2 f6 59. f4 fxe5
60. dxe5 Ke6 61. Rh3 Ra4 62. Nc3 Rxf4 0-1

[Event "Lass Vårturneringar"]
[Site "Linköping"]
[Date "2014.05.30"]
[Round "3"]
[White "Halvarsson, Peter"]
[Black "Olsson, Simon"]
[Result "0-1"]
[WhiteElo "1990"]
[BlackElo "2132"]
[PlyCount "80"]
[EventDate "2014.??.??"]
[SourceDate "2012.10.22"]
[WhiteClock "0:31:54"]
[BlackClock "0:34:12"]

1. e4 c5 2. a3 e6 3. b4 cxb4 4. axb4 Bxb4 5. c3 Be7 6. d4 d6 7. f4 Nf6 8. Bd3
Qc7 9. Nf3 Nbd7 10. O-O e5 11. Qe1 a6 12. Kh1 Rb8 13. Na3 b5 14. Ra2 Bb7 15.
Re2 Rc8 16. Nb1 O-O 17. Nh4 Rfe8 18. Nf5 Bf8 19. Bd2 Nb6 20. fxe5 dxe5 21. Bg5
Nbd7 22. Qh4 Re6 23. d5 Rb6 24. Rf3 b4 25. c4 a5 26. Rg3 Kh8 27. Be3 Nc5 28. d6
Rxd6 29. Nxd6 Qxd6 30. Bxc5 Rxc5 31. Qg5 Nxe4 32. Qe3 Nxg3+ 33. Qxg3 e4 34.
Bxe4 Qxg3 35. hxg3 Bxe4 36. Rxe4 g6 37. Nd2 a4 38. Re8 Kg7 39. Ra8 a3 40. Kg1
Rf5 0-1

[Event "Lass Vårturneringar"]
[Site "Linköping"]
[Date "2014.05.30"]
[Round "3"]
[White "Hägglund, Lars"]
[Black "Ståhlberg, Adam"]
[Result "1-0"]
[WhiteElo "1924"]
[BlackElo "2022"]
[PlyCount "99"]
[EventDate "2014.??.??"]
[SourceDate "2012.10.22"]
[WhiteClock "0:23:53"]
[BlackClock "0:22:48"]

1. d4 Nf6 2. Nf3 e6 3. Bf4 d5 4. e3 c5 5. c3 Nc6 6. Nbd2 Bd7 7. Ne5 Nxe5 8.
Bxe5 Bc6 9. Bd3 Bd6 10. Bg3 cxd4 11. exd4 Qc7 12. Qe2 h5 13. Nf3 Ng4 14. Bxd6
Qxd6 15. h3 Nf6 16. Ne5 Nd7 17. f4 Nxe5 18. fxe5 Qe7 19. Qe3 O-O-O 20. Kd2 Kb8
21. Rhf1 Rc8 22. Rf3 Rhd8 23. Raf1 Be8 24. Rg3 g6 25. Rgf3 a6 26. Rc1 Rc7 27.
g3 Rdc8 28. h4 Qd7 29. Ke2 Qa4 30. a3 Qb3 31. Qd2 Ka7 32. Kf2 Qa4 33. Rf4 Qd7
34. Kg2 Qe7 35. Rf6 b5 36. Qe2 Rb8 37. Ra1 Rcb7 38. Ra2 Qc7 39. Rf2 Rb6 40. Qd2
Qc6 41. Kh3 Qc7 42. Qg5 R6b7 43. Kh2 Qe7 44. Rf6 Rb6 45. Rxg6 Qd7 46. Rf6 a5
47. Qxh5 Kb7 48. Qe2 Qe7 49. Qf2 Kc7 50. h5 1-0

[Event "Lass Vårturneringar"]
[Site "Linköping"]
[Date "2014.05.30"]
[Round "3"]
[White "Garner, Mårten"]
[Black "Persson, Börje"]
[Result "1/2-1/2"]
[WhiteElo "1706"]
[BlackElo "1663"]
[PlyCount "70"]
[EventDate "2014.??.??"]
[SourceDate "2012.10.22"]

1. d4 Nf6 2. c4 e6 3. Nc3 d5 4. cxd5 exd5 5. Bg5 Be7 6. e3 O-O 7. Bd3 h6 8. Bh4
Ne4 9. Bxe7 Nxc3 10. bxc3 Qxe7 11. Ne2 Nd7 12. O-O Nf6 13. Qb3 c6 14. Rab1 Ng4
15. c4 dxc4 16. Bxc4 b5 17. Bd3 Be6 18. Qc2 Rac8 19. h3 Nf6 20. Rfc1 a6 21. Nf4
Bd7 22. Be2 Nd5 23. Nd3 Bf5 24. Qd2 Bxd3 25. Bxd3 c5 26. Bf5 Rc7 27. Qa5 g6 28.
Bg4 cxd4 29. exd4 Rxc1+ 30. Rxc1 Qd6 31. Bf3 Ne7 32. Qc7 Rd8 33. d5 Kf8 34. Qa7
Rd7 35. Qe3 Kg7 1/2-1/2

[Event "Lass Vårturneringar"]
[Site "Linköping"]
[Date "2014.05.30"]
[Round "3"]
[White "Knutsson, Håkan"]
[Black "Nörager, Mattias"]
[Result "1-0"]
[WhiteElo "1947"]
[BlackElo "1469"]
[PlyCount "77"]
[EventDate "2014.??.??"]
[SourceDate "2012.10.22"]

1. e4 e5 2. Nf3 Nc6 3. Bb5 Nf6 4. O-O d6 5. Re1 Bg4 6. c3 Qd7 7. d4 a6 8. Bxc6
bxc6 9. dxe5 Bxf3 10. Qxf3 dxe5 11. Nd2 Bc5 12. h3 Rd8 13. Nc4 Qe6 14. b3 O-O
15. Bg5 Be7 16. Bxf6 Bxf6 17. Qe2 Be7 18. Ne3 Qc8 19. Ng4 Bd6 20. Red1 Qb7 21.
Rd2 Qb5 22. c4 Qc5 23. Ne3 a5 24. Rad1 Rfe8 25. Qg4 Re6 26. Nf5 g6 27. Qh4 Rde8
28. Nh6+ Kg7 29. Ng4 Be7 30. Qg3 Bd6 31. Qc3 Qb6 32. Rc2 Bc5 33. Rd7 h5 34. Qf3
Be7 35. Ne3 Rf6 36. Qg3 Bc5 37. Nf5+ Rxf5 38. exf5 Qb4 39. Qxg6+ 1-0

[Event "Lass Vårturneringar"]
[Site "Linköping"]
[Date "2014.05.30"]
[Round "3"]
[White "Orci, Istvan"]
[Black "Nilsson, Lars"]
[Result "1/2-1/2"]
[WhiteElo "1476"]
[BlackElo "1480"]
[PlyCount "60"]
[EventDate "2014.??.??"]
[SourceDate "2012.10.22"]

1. e4 c5 2. Nc3 e6 3. g3 a6 4. Bg2 Qc7 5. d3 b5 6. Bf4 e5 7. Be3 Nf6 8. f4 d6
9. Nf3 Nbd7 10. O-O Bb7 11. Qd2 Ng4 12. h3 Nxe3 13. Qxe3 Be7 14. f5 Nb6 15. b3
b4 16. Nd1 f6 17. g4 d5 18. Nd2 d4 19. Qg3 O-O 20. Nb2 a5 21. h4 Ba6 22. Nbc4
Nxc4 23. Nxc4 Bxc4 24. dxc4 Rad8 25. Rad1 Rd7 26. Rd3 h6 27. a4 Kf7 28. Kh1 Rg8
29. Bh3 Rdd8 30. h5 Bd6 1/2-1/2

[Event "Lass Vårturneringar"]
[Site "Linköping"]
[Date "2014.05.30"]
[Round "3"]
[White "Lindström, Jan"]
[Black "Sandgren, Per Olov"]
[Result "1-0"]
[WhiteElo "1611"]
[BlackElo "1655"]
[PlyCount "61"]
[EventDate "2014.??.??"]
[SourceDate "2012.10.22"]

1. e4 e5 2. Nc3 Nf6 3. f4 d5 4. exd5 Nxd5 5. fxe5 Nxc3 6. dxc3 Qxd1+ 7. Kxd1
Be6 8. Nf3 Nc6 9. Bd3 Be7 10. Bf4 h6 11. Ke2 O-O 12. h3 Rad8 13. Rhe1 Na5 14.
Rad1 g5 15. Be3 Bd5 16. b3 Nc6 17. Bd4 a6 18. Kf2 b5 19. Be4 Bxe4 20. Rxe4 Rfe8
21. h4 Bf6 22. Rde1 Be7 23. hxg5 hxg5 24. Rg4 Nxd4 25. cxd4 f5 26. exf6 Bxf6
27. Rxe8+ Rxe8 28. c3 c5 29. Nxg5 cxd4 30. cxd4 Rc8 31. Ne4+ 1-0

[Event "Lass Vårturneringar"]
[Site "Linköping"]
[Date "2014.05.30"]
[Round "4"]
[White "Nörager, Mattias"]
[Black "Orci, Istvan"]
[Result "1-0"]
[WhiteElo "1469"]
[BlackElo "1476"]
[PlyCount "83"]
[EventDate "2014.??.??"]
[SourceDate "2012.10.22"]

1. f4 d5 2. Nf3 Nf6 3. e3 Bg4 4. b3 e6 5. Bb2 Be7 6. h3 Bxf3 7. Qxf3 O-O 8. g4
c5 9. Bd3 g6 10. g5 Nh5 11. Nc3 Nc6 12. Ne2 Nb4 13. Ng3 Nxg3 14. Qxg3 Nxd3+ 15.
cxd3 d4 16. h4 dxe3 17. Qxe3 Qd5 18. Qe4 Rad8 19. Ke2 f5 20. Qxd5 Rxd5 21. h5
Rfd8 22. hxg6 hxg6 23. Rh8+ Kf7 24. Rh7+ Ke8 25. Rh8+ Kf7 26. Rah1 Rxh8 27.
Rxh8 Rd8 28. Rh7+ Kf8 29. Rg7 Ke8 30. Rxg6 Kd7 31. Rg7 Re8 32. Ke3 Kc6 33. d4
Bd6 34. Rg6 cxd4+ 35. Bxd4 Bc5 36. Rg7 Bxd4+ 37. Kxd4 Rd8+ 38. Ke5 Rxd2 39.
Kxe6 Rxa2 40. Kxf5 Rb2 41. g6 Rxb3 42. Re7 1-0

[Event "Lass Vårturneringar"]
[Site "Linköping"]
[Date "2014.05.30"]
[Round "4"]
[White "Nilsson, Lars"]
[Black "Sandgren, Per Olov"]
[Result "1/2-1/2"]
[WhiteElo "1489"]
[BlackElo "1655"]
[PlyCount "70"]
[EventDate "2014.??.??"]
[SourceDate "2012.10.22"]

1. d4 Nf6 2. c4 e6 3. Nc3 d5 4. Nf3 Be7 5. e3 O-O 6. Bd3 b6 7. cxd5 exd5 8. h3
c5 9. O-O Ba6 10. b3 Bxd3 11. Qxd3 Nc6 12. Bb2 cxd4 13. Nxd4 Nxd4 14. exd4 Re8
15. Rfe1 Bd6 16. Qf5 Rxe1+ 17. Rxe1 Bb4 18. Re3 Bxc3 19. Bxc3 Rc8 20. Bb2 g6
21. Qd3 Qc7 22. Re2 a5 23. Qb5 Qc6 24. Qxc6 Rxc6 25. f3 h5 26. Kf2 Kf8 27. Ke3
Re6+ 28. Kd3 Rxe2 29. Kxe2 b5 30. Bc3 b4 31. Bb2 Ne8 32. a3 Nc7 33. Kd3 Ke7 34.
Bc1 f5 35. Bd2 Na6 1/2-1/2

[Event "Lass Vårturneringar"]
[Site "Linköping"]
[Date "2014.05.30"]
[Round "4"]
[White "Olsson, Simon"]
[Black "Garner, Mårten"]
[Result "1-0"]
[WhiteElo "2132"]
[BlackElo "1706"]
[PlyCount "81"]
[EventDate "2014.??.??"]
[SourceDate "2012.10.22"]
[WhiteClock "0:43:05"]
[BlackClock "0:45:35"]

1. d4 e6 2. c4 d5 3. Nc3 Nf6 4. Bg5 Be7 5. e3 O-O 6. Qc2 c6 7. h3 Nbd7 8. cxd5
exd5 9. Bd3 Re8 10. Nge2 Nf8 11. O-O-O b5 12. g4 Ne4 13. Bxe7 Qxe7 14. Bxe4
dxe4 15. Ng3 Bb7 16. Ncxe4 c5 17. d5 c4 18. Rd4 Nd7 19. Nf5 Qe5 20. Ned6 Bxd5
21. Rhd1 Nb6 22. f4 Qe6 23. e4 Bc6 24. Nxe8 Rxe8 25. Nd6 Re7 26. Qd2 h5 27. f5
Qe5 28. gxh5 Na4 29. h6 Nc5 30. hxg7 Nd3+ 31. Rxd3 cxd3 32. Qh6 Qxg7 33. Qh4
Rd7 34. f6 Qh7 35. Rg1+ Kh8 36. Qxh7+ Kxh7 37. Rg7+ Kh6 38. Nf5+ Kh5 39. h4 d2+
40. Kd1 Bxe4 41. Rg5# 1-0

[Event "Lass Vårturneringar"]
[Site "Linköping"]
[Date "2014.05.30"]
[Round "4"]
[White "Hägglund, Lars"]
[Black "Halvarsson, Peter"]
[Result "1/2-1/2"]
[WhiteElo "1924"]
[BlackElo "1990"]
[PlyCount "26"]
[EventDate "2014.??.??"]
[SourceDate "2012.10.22"]
[WhiteClock "0:59:06"]
[BlackClock "0:52:13"]

1. d4 g6 2. Nf3 Bg7 3. Bf4 c5 4. e3 Nf6 5. c3 cxd4 6. exd4 O-O 7. Bd3 b6 8.
Nbd2 Ba6 9. Nc4 Nc6 10. Qd2 Rc8 11. Nce5 Bxd3 12. Nxd3 b5 13. Bh6 Qb6 1/2-1/2

[Event "Lass Vårturneringar"]
[Site "Linköping"]
[Date "2014.05.30"]
[Round "4"]
[White "Ståhlberg, Adam"]
[Black "Persson, Börje"]
[Result "1/2-1/2"]
[WhiteElo "2022"]
[BlackElo "1663"]
[PlyCount "52"]
[EventDate "2014.??.??"]
[SourceDate "2012.10.22"]

1. d4 Nf6 2. Nf3 e6 3. c4 d5 4. Nc3 c5 5. cxd5 exd5 6. dxc5 Bxc5 7. e3 O-O 8.
Be2 Nc6 9. O-O a6 10. a3 d4 11. exd4 Nxd4 12. Nxd4 Qxd4 13. Bg5 h6 14. Bxf6
Qxf6 15. Ne4 Qd4 16. Nxc5 Qxc5 17. b4 Qb6 18. Bf3 Be6 19. Qd3 Rfd8 20. Qe2 Rac8
21. Rac1 a5 22. Qe4 axb4 23. Rxc8 Rxc8 24. axb4 Rc4 25. Qxb7 Qxb7 26. Bxb7 Rxb4
1/2-1/2

[Event "Lass Vårturneringar"]
[Site "Linköping"]
[Date "2014.05.30"]
[Round "4"]
[White "Knutsson, Håkan"]
[Black "Lindström, Jan"]
[Result "1-0"]
[WhiteElo "1947"]
[BlackElo "1611"]
[PlyCount "78"]
[EventDate "2014.??.??"]
[SourceDate "2012.10.22"]

1. e4 e6 2. d4 d5 3. Nc3 Nf6 4. Bg5 Be7 5. e5 Ne4 6. Nxe4 Bxg5 7. Nxg5 Qxg5 8.
Nf3 Qe7 9. Bd3 Nd7 10. O-O c5 11. c3 O-O 12. Qd2 h6 13. Rae1 f6 14. exf6 Rxf6
15. Bb1 cxd4 16. Nxd4 Nf8 17. Re3 Bd7 18. Nf3 Re8 19. Ne5 Qd6 20. Rfe1 Re7 21.
Rg3 Kh8 22. Qc2 Be8 23. Qd3 Qb6 24. Qd2 Qc7 25. Qd4 Bf7 26. Qxa7 Bg8 27. Qe3
Bh7 28. Bxh7 Kxh7 29. Qd3+ Kh8 30. Ng4 Rff7 31. Qd2 Kh7 32. Rh3 Qf4 33. Qxf4
Rxf4 34. Ne3 Ref7 35. Nd1 Nd7 36. Rxe6 Nc5 37. Re5 Ne4 38. Rf3 Nd2 39. Rxf4 Ne4
1-0

[Event "Lass Vårturneringar"]
[Site "Linköping"]
[Date "2014.05.31"]
[Round "5"]
[White "Lindström, Jan"]
[Black "Nilsson, Lars"]
[Result "0-1"]
[WhiteElo "1611"]
[BlackElo "1480"]
[PlyCount "77"]
[EventDate "2014.??.??"]
[SourceDate "2012.10.22"]

1. e4 c5 2. Nf3 e6 3. Nc3 a6 4. g3 Nc6 5. Bg2 Qc7 6. d4 cxd4 7. Nxd4 Nf6 8. O-O
Be7 9. Re1 O-O 10. a3 b5 11. Bf4 e5 12. Nxc6 dxc6 13. Bg5 h6 14. Bxf6 Bxf6 15.
Qd3 Rd8 16. Qe2 Be6 17. b3 Qa5 18. b4 Qb6 19. Rad1 Rd4 20. Rxd4 Qxd4 21. Qf3
Rd8 22. Rd1 Qb6 23. Rxd8+ Qxd8 24. Nb1 Qd7 25. Bf1 Bg4 26. Qd3 Kf8 27. Kh1 Ke7
28. Qxd7+ Bxd7 29. Nd2 Kd6 30. Nb3 Bg5 31. h4 Bd8 32. Kg2 Bb6 33. Kf3 c5 34.
bxc5+ Bxc5 35. Nxc5 Kxc5 36. Ke3 a5 37. Bd3 b4 38. axb4+ Kxb4 39. Ba6 0-1